<?xml version="1.0" encoding="UTF-8"?><?xml-stylesheet type="text/xsl" href="static/style.xsl"?><OAI-PMH xmlns="http://www.openarchives.org/OAI/2.0/" xmlns:xsi="http://www.w3.org/2001/XMLSchema-instance" xsi:schemaLocation="http://www.openarchives.org/OAI/2.0/ http://www.openarchives.org/OAI/2.0/OAI-PMH.xsd"><responseDate>2026-04-17T11:28:23Z</responseDate><request verb="GetRecord" identifier="oai:www.recercat.cat:10230/54818" metadataPrefix="marc">https://recercat.cat/oai/request</request><GetRecord><record><header><identifier>oai:recercat.cat:10230/54818</identifier><datestamp>2025-12-22T20:19:27Z</datestamp><setSpec>com_2072_6</setSpec><setSpec>col_2072_452954</setSpec></header><metadata><record xmlns="http://www.loc.gov/MARC21/slim" xmlns:dcterms="http://purl.org/dc/terms/" xmlns:xsi="http://www.w3.org/2001/XMLSchema-instance" xmlns:doc="http://www.lyncode.com/xoai" xsi:schemaLocation="http://www.loc.gov/MARC21/slim http://www.loc.gov/standards/marcxml/schema/MARC21slim.xsd">
   <leader>00925njm 22002777a 4500</leader>
   <datafield ind2=" " ind1=" " tag="042">
      <subfield code="a">dc</subfield>
   </datafield>
   <datafield ind2=" " ind1=" " tag="720">
      <subfield code="a">Marrufo, Sofia</subfield>
      <subfield code="e">author</subfield>
   </datafield>
   <datafield ind2=" " ind1=" " tag="260">
      <subfield code="c">2022-11-13T17:46:59Z</subfield>
   </datafield>
   <datafield ind2=" " ind1=" " tag="260">
      <subfield code="c">2022-11-13T17:46:59Z</subfield>
   </datafield>
   <datafield ind2=" " ind1=" " tag="260">
      <subfield code="c">2022</subfield>
   </datafield>
   <datafield ind2=" " ind1=" " tag="520">
      <subfield code="a">Masters of Arts in Communication Management (UPF Barcelona School of Management). Curs 2021-2022</subfield>
   </datafield>
   <datafield ind2=" " ind1=" " tag="520">
      <subfield code="a">Mentor: Frederic Guerrero-Solé</subfield>
   </datafield>
   <datafield ind2=" " ind1=" " tag="520">
      <subfield code="a">The following capstone project proposes a communication plan in the shape of a comprehensive strategic guide that focuses on how to successfully market to Generation Z through short videos on TikTok. This is achieved through a literature review focused on Generation Z, social media marketing and short video marketing as well as through primary research, a benchmark analysis of 20 successful campaigns focused towards Gen Z on TikTok and online interviews with TikTok strategists. The guide is broken up in three easy-to follow sections: campaign pre-production and concept, campaign production and execution, and post campaign launch. In each section there are strategies, tips and tools suggested on how to build the most suitable campaign considering generational characteristics and what works on the platform. The guide begins by stressing the importance of researching the target audience, in this case Gen Z, and also puts forth strategies and tools that guarantee success. Some of the strategies included in the guide are: branded hashtag challenge, branded effect, encourage user generated content, interesting storyline, key influencers, recognizable brand style, original soundtracks, and dynamic and easy motions, among others. The guide also emphasizes the importance of the video format like timing, colors, look and feel, and being entertaining as key factors for a generation that has a short attention span and wants to be entertained at all times. Finally, the guide suggests creating internal benchmarks and evaluating campaigns through SMART objectives to assess its success. By following the proposed strategic guide, brands can expect to create effective campaigns and improve their marketing on TikTok targeted to Gen Z.</subfield>
   </datafield>
   <datafield tag="653" ind2=" " ind1=" ">
      <subfield code="a">Treball de fi de màster – Curs 2021-2022</subfield>
   </datafield>
   <datafield tag="653" ind2=" " ind1=" ">
      <subfield code="a">TikTok</subfield>
   </datafield>
   <datafield tag="653" ind2=" " ind1=" ">
      <subfield code="a">Generation Z</subfield>
   </datafield>
   <datafield tag="653" ind2=" " ind1=" ">
      <subfield code="a">Short video marketing</subfield>
   </datafield>
   <datafield tag="653" ind2=" " ind1=" ">
      <subfield code="a">Social media marketing</subfield>
   </datafield>
   <datafield tag="653" ind2=" " ind1=" ">
      <subfield code="a">Strategic guide</subfield>
   </datafield>
   <datafield ind2="0" ind1="0" tag="245">
      <subfield code="a">A comprehensive strategic guide on how to successfully market to generation Z on TikTok: applied capstone project</subfield>
   </datafield>
</record></metadata></record></GetRecord></OAI-PMH>